Normal view
MARC view
- تأليف:منور،موسى عبدالله/المستريحي،حسام حمد/البطش،هاني محمود؛مراجعة لغوية:محمد غالب ربابعة
Entry Personal Name
001 - CONTROL NUMBER
- control field: 30246
003 - CONTROL NUMBER IDENTIFIER
- control field: JO-AjAnu
005 - DATE AND TIME OF LATEST TRANSACTION
- control field: 20230606075115.0
008 - FIXED-LENGTH DATA ELEMENTS
- fixed length control field: 230606|| aca||aabn | a|a d
040 ## - CATALOGING SOURCE
- Original cataloging agency: JO-AjAnu
- Transcribing agency: JO-AjAnu
100 ## - HEADING--PERSONAL NAME
- Personal name: تأليف:منور،موسى عبدالله/المستريحي،حسام حمد/البطش،هاني محمود؛مراجعة لغوية:محمد غالب ربابعة
670 ## - SOURCE DATA FOUND
- Source citation: Work cat.: (JO-AjAnu)15535: تأليف:منور،موسى عبدالله/المستريحي،حسام حمد/البطش،هاني محمود؛مراجعة لغوية:محمد غالب ربابعة, author, الادارة الالكترونية للمكتب:مدخل تطبيقي في السكرتاريا واعمال المكاتب